| 000 | 00880nam a2200241 a 4500 | ||
|---|---|---|---|
| 001 | 000024739 | ||
| 005 | 20200930023335.0 | ||
| 008 | 110203s1965 ck r 000 0 spa d | ||
| 040 |
_aDO-SdBNP _bspa _cBNPHU |
||
| 041 | 1 | 7 |
_aspa _hfre _2Código de idiomas MARC |
| 082 |
_ann* _bnn* |
||
| 100 | 1 |
_aPidoux de la Maduere, Colette. _950756 |
|
| 240 | 1 | 0 |
_aL´appel du seigneur. _lEspañol |
| 245 | 1 | 0 |
_aHeroes sin nombre / _cColette Pidoux de la Maduere ; traducción de Néstor Fernández Pacheco. |
| 260 |
_aBogotá : _bPaulinas, _c1965. |
||
| 300 |
_a154, [4] p. ; _c17 cm. |
||
| 490 | 1 |
_aTrigo verde. Narrativa _v39 |
|
| 534 |
_aTítulo original : _tL´appel du seigneur |
||
| 500 | _aIncluye referencias bibliográficas y notas al pie de las páginas. | ||
| 700 | 1 |
_aFernández Pacheco, Néstor, _etr. _950757 |
|
| 830 | 0 |
_aTrigo verde. _pNarrativa, _v39 _943965 |
|
| 049 | _aBNGR | ||
| 999 |
_c24232 _d24232 |
||